Hieronymus Bosch
Wedi'i Gadw mewn:
| Prif Awdur: | |
|---|---|
| Fformat: | Llyfr |
| Iaith: | Saesneg |
| Cyhoeddwyd: |
Nueva York
The Hyperion Press
1947
|
| Rhifyn: | 1a. ed |
| Pynciau: | |
| Tagiau: |
Ychwanegu Tag
Dim Tagiau, Byddwch y cyntaf i dagio'r cofnod hwn!
|
MARC
| LEADER | 00000cam a2200000 a 4500 | ||
|---|---|---|---|
| 001 | UCE2009 | ||
| 003 | CL-VaPUC | ||
| 008 | 140605e19470000us |||||||||||||||||eng|d | ||
| 082 | 0 | 4 | |a 759.92 |b DAN |2 21 |
| 100 | 0 | |a Daniel, Howard |e author |9 574468 | |
| 245 | 1 | 0 | |a Hieronymus Bosch |
| 250 | |a 1a. ed | ||
| 300 | |a 56 p | ||
| 942 | |c BK | ||
| 945 | |d 20140605 14:22:00 |a dcastane | ||
| 260 | |a Nueva York |b The Hyperion Press |c 1947 | ||
| 650 | 0 | |a Pintura holandesa |9 267860 | |
| 650 | 7 | |a PINTORES HOLANDESES |2 CL-VaPUC |9 574469 | |
| 583 | |a last modification |c 20140605 14:22:00 |k Rodrigo Vera | ||
| 999 | |c 355689 |d 355687 | ||
| 952 | |0 0 |1 0 |3 erd |4 0 |6 759_920000000000000_DAN_1947 |7 0 |8 A |9 462500 |a BIBART |b BIBART |i 5004039 |o 759.92 DAN 1947 |p 5004039 |r 2025-03-13 |w 2019-11-23 |y BK |z Catalogado en:20140605 |k ART | ||